NewJeans - Membres par photo - Statistiques

Statistiques générales
  • Ce quiz a été pris 102 fois
  • Le résultat moyen est 5 sur 5
Statistiques - réponses
Par images Réponse % Correct
Danielle
97%
Minji
94%
Hanni
89%
Hyein
89%
Haerin
86%
Aucun quiz correspondant
Distribution des résultats
% des personnes avec chaque résultat
Percentile par nombre de réponses
Votre historique - résultats
Vous n’avez pas pris ce quiz